000 00481ntaaa2200193 4500
003 01
005 20251027202730.0
008 0714s1973 ag 01
020 _a8427705476
040 _aAR-BaBN
_bspa
_cAR-BaBN
_eaacr
_dRIC
082 _a649.10243 Sa3c
100 _aSalvador Alcaide, Ana
_927222
245 _aConocer al niño a través del dibujo
250 _a1 ed.
260 _aMadrid :
_bNarcea,
_c1982
300 _a80 p
650 _adibujo infantil
_97170
942 _cBK
999 _c22548
_d22548